<?xml version="1.0" encoding="UTF-8"?>
<record
    xmlns:xsi="http://www.w3.org/2001/XMLSchema-instance"
    xsi:schemaLocation="http://www.loc.gov/MARC21/slim http://www.loc.gov/standards/marcxml/schema/MARC21slim.xsd"
    xmlns="http://www.loc.gov/MARC21/slim">

  <leader>03635nam a22002777a 4500</leader>
  <controlfield tag="003">DO-SdBNP</controlfield>
  <controlfield tag="005">20230508092720.0</controlfield>
  <controlfield tag="008">210224b2017 dr     ||| 00| 0 spa d</controlfield>
  <datafield tag="020" ind1=" " ind2=" ">
    <subfield code="a">9789945600971</subfield>
  </datafield>
  <datafield tag="040" ind1=" " ind2=" ">
    <subfield code="a">BPMSU</subfield>
    <subfield code="b">spa</subfield>
    <subfield code="c">BPMSU</subfield>
  </datafield>
  <datafield tag="082" ind1=" " ind2=" ">
    <subfield code="a">972.9304</subfield>
    <subfield code="b">P438l 2017</subfield>
    <subfield code="2">22</subfield>
  </datafield>
  <datafield tag="100" ind1="1" ind2=" ">
    <subfield code="a">P&#xE9;rez P&#xE9;rez, Manuel Otilio </subfield>
    <subfield code="d">1947-</subfield>
  </datafield>
  <datafield tag="245" ind1="1" ind2="3">
    <subfield code="a">El  legado imperecedero de  Tom&#xE1;s  Bobadilla :</subfield>
    <subfield code="b">creador y organizador del Estado dominicano /</subfield>
    <subfield code="c">Manuel Otilio P&#xE9;rez P&#xE9;rez ; pr&#xF3;logo Julio Ram&#xED;rez </subfield>
  </datafield>
  <datafield tag="260" ind1=" " ind2=" ">
    <subfield code="a">Santo Domingo :</subfield>
    <subfield code="b">B&#xFA;ho,</subfield>
    <subfield code="c">2017</subfield>
  </datafield>
  <datafield tag="300" ind1=" " ind2=" ">
    <subfield code="a">213 p.:</subfield>
    <subfield code="b">il. </subfield>
    <subfield code="c">23 cm.</subfield>
  </datafield>
  <datafield tag="500" ind1=" " ind2=" ">
    <subfield code="a">incluye datos biogr&#xE1;ficos del autor, en la solapa de la cubierta .</subfield>
  </datafield>
  <datafield tag="500" ind1=" " ind2=" ">
    <subfield code="a">Incluye referencias bibliogr&#xE1;ficas y notas al pie de las p&#xE1;ginas </subfield>
  </datafield>
  <datafield tag="504" ind1=" " ind2=" ">
    <subfield code="a">Bibliograf&#xED;a : p. 211-213</subfield>
  </datafield>
  <datafield tag="505" ind1="0" ind2=" ">
    <subfield code="a">Pr&#xF3;logo &#x2013; Introducci&#xF3;n -- De colonia espa&#xF1;ola a colonia francesa -- De colonia francesa a colonia espa&#xF1;ola -- De Espa&#xF1;a boba a independencia ef&#xED;mera -- Independencia ef&#xED;mera a dominaci&#xF3;n haitiana -- Tom&#xE1;s Bobadilla y su movimiento separatista -- Representaci&#xF3;n de la junta popular, 8 de junio 1843, 35.-- S&#xE1;nchez y Mella se aliaron a Bobadilla -- Proyecto separatista en las Matas de Farf&#xE1;n -- Movimiento separatista del se&#xF1;or Pimentel en las Matas de Farf&#xE1;n -- Antonio L&#xF3;pez Villanueva y Tom&#xE1;s Bobadilla -- Memorias de Antonio L&#xF3;pez Villanueva -- Tom&#xE1;s Bobadilla y Gaspar Hern&#xE1;ndez -- Del padre Gaspar Hern&#xE1;ndez al gobernador de Puerto Rico -- Tom&#xE1;s Bobadilla Briones: autor del manifiesto del 16 de enero de 1844 -- Trascendencia de la manifestaci&#xF3;n del 16 de enero de 1844 -- El plan Levasseur -- Bobadilla no aparece entre los firmantes del plan Levasseur. No ten&#xED;a calidad. Eso era asunto de diputados constituyentes y Bobadilla no lo era -- A los amantes de la libertad -- Pro B&#xE1;ez -- Dominicanos afrancesados -- Carta del general J. M. Imbert a Saint Denys -- Tom&#xE1;s Bobadilla antiesclavista y abolicionista -- El pensamiento antiesclavista de Tom&#xE1;s Bobadilla y Briones -- Bobadilla y la proclamaci&#xF3;n de la Rep&#xFA;blica Dominicana -- Tom&#xE1;s Bobadilla y el 28 de febrero de 1844 -- La revoluci&#xF3;n de la independencia fue eminentemente antiesclavista -- Tom&#xE1;s Bobadilla Briones primer y &#xFA;nico presidente de la junta provisional gubernativa -- Entregas de la plaza de Santo Domingo -- Bobadilla ordenador del estado dominicano -- Bobadilla y la nacionalidad dominicana -- Comunicaci&#xF3;n solicitando protecci&#xF3;n a Francia -- Tramitaci&#xF3;n de la solicitud del protectorado a Francia -- Tom&#xE1;s Bobadilla y los haitianos -- El Partido Pro-haitiano -- Lista de los asistentes al baluarte de el Conde, la noche del 27 de febrero y los d&#xED;as 28 y 29, encabezados por Bobadilla -- Bobadilla y el nombre del nuevo estado Rep&#xFA;blica Dominicana -- Tom&#xE1;s Bobadilla y el nombre del nuevo estado de Rep&#xFA;blica Dominicana -- Francisco S&#xE1;nchez y Tom&#xE1;s Bobadilla Briones -- Las insubordinaciones de Francisco S&#xE1;nchez -- Reiteraci&#xF3;n de la solicitud de protecci&#xF3;n de Francia -- Tom&#xE1;s Bobadilla Briones y La Independencia -- Francisco del Rosario S&#xE1;nchez y el 27 de Febrero -- Ascensos militares. La oficialidad del ej&#xE9;rcito de Santo Domingo -- Golpe de estado del 9 de junio de 1844 -- Tercera solicitud de protecci&#xF3;n a Francia -- Miembros de la Junta Central Gubernativa -- El legado imperecedero de Tom&#xE1;s Bobadilla.</subfield>
  </datafield>
  <datafield tag="590" ind1=" " ind2=" ">
    <subfield code="a">Inventariado/ 2021/MC</subfield>
  </datafield>
  <datafield tag="600" ind1="1" ind2="4">
    <subfield code="a">Bobadilla y Briones, Tom&#xE1;s,</subfield>
    <subfield code="d">1785-1871 </subfield>
    <subfield code="x">Pensamiento pol&#xED;tico</subfield>
  </datafield>
  <datafield tag="650" ind1=" " ind2="4">
    <subfield code="a">Pol&#xED;ticos dominicanos</subfield>
    <subfield code="z">Rep&#xFA;blica Dominicana</subfield>
    <subfield code="y">Historia, 1844-1861</subfield>
    <subfield code="x"> </subfield>
  </datafield>
  <datafield tag="700" ind1="1" ind2=" ">
    <subfield code="a"> Ram&#xED;rez, Julio</subfield>
    <subfield code="e">pr&#xF3;l. </subfield>
  </datafield>
  <datafield tag="910" ind1=" " ind2=" ">
    <subfield code="a">MCabrera /VMateo V. </subfield>
  </datafield>
  <datafield tag="942" ind1=" " ind2=" ">
    <subfield code="2">ddc</subfield>
    <subfield code="c">BK</subfield>
  </datafield>
  <datafield tag="952" ind1=" " ind2=" ">
    <subfield code="0">0</subfield>
    <subfield code="1">0</subfield>
    <subfield code="2">ddc</subfield>
    <subfield code="4">0</subfield>
    <subfield code="7">0</subfield>
    <subfield code="8">CD</subfield>
    <subfield code="a">BPMET</subfield>
    <subfield code="b">BPMET</subfield>
    <subfield code="d">2021-02-24</subfield>
    <subfield code="i">2021-02-24</subfield>
    <subfield code="o">BPMSU CD 972.9304 P438l 2017</subfield>
    <subfield code="p">BPMSU 21020014</subfield>
    <subfield code="r">2021-02-24</subfield>
    <subfield code="w">2021-02-24</subfield>
    <subfield code="y">BK</subfield>
  </datafield>
  <datafield tag="999" ind1=" " ind2=" ">
    <subfield code="c">13379</subfield>
    <subfield code="d">13379</subfield>
  </datafield>
</record>
